Loading...
| Fine Arts - Classical Music | 6 | 10.00 | 50% | 33% | 17% |
| Fine Arts - Other Fine Arts | 1 | 10.00 | 100% | 0% | 0% |
| Fine Arts - Visual Fine Arts | 4 | 15.00 | 100% | 25% | 25% |
| Geography/Current Events | 3 | 26.67 | 100% | 100% | 67% |
| History - American History | 6 | 11.67 | 100% | 17% | 0% |
| History - European History | 2 | 30.00 | 100% | 100% | 100% |
| History - Other History | 7 | 14.29 | 86% | 43% | 14% |
| History - World History | 2 | 15.00 | 50% | 100% | 0% |
| Literature - American Literature | 5 | 12.00 | 60% | 40% | 20% |
| Literature - British Literature | 2 | 15.00 | 100% | 0% | 50% |
| Literature - European Literature | 4 | 12.50 | 50% | 25% | 50% |
| Literature - World/Other Literature | 6 | 15.00 | 83% | 50% | 17% |
| Mythology | 2 | 30.00 | 250% | 50% | 0% |
| Other Academic | 1 | 30.00 | 100% | 100% | 100% |
| Philosophy | 4 | 12.50 | 75% | 25% | 25% |
| Pop Culture | 1 | 20.00 | 100% | 100% | 0% |
| Religion | 4 | 15.00 | 100% | 50% | 0% |
| Science - Biology | 4 | 10.00 | 75% | 25% | 0% |
| Science - Chemistry | 4 | 5.00 | 50% | 0% | 0% |
| Science - Other Science | 6 | 23.33 | 100% | 100% | 33% |
| Science - Physics | 7 | 12.86 | 86% | 43% | 0% |
| Social Science | 4 | 12.50 | 100% | 25% | 0% |